Państwa graniczące z Polską i Niemcami 2 stopnia - Statystyki

Ogólne statystyki
  • Ten quiz został rozwiązany 32 razy
  • Średni wynik to 27 z 33
Odpowiedzi na mapie
Odpowiedzi zakodowano w zielono-czerwonej skali na mapie do tego quizu, zgodnie z poniższymi procentami.
 
Statystyki odpowiedzi
Odpowiedź % Poprawnych
Hiszpania
97%
Litwa
97%
Łotwa
97%
Rumunia
97%
Węgry
97%
Włochy
97%
Białoruś
93%
Estonia
93%
Mołdawia
93%
Rosja
93%
Słowacja
93%
Słowenia
93%
Ukraina
93%
Austria
90%
Belgia
90%
Dania
90%
Francja
90%
Holandia
90%
Norwegia
90%
Szwajcaria
90%
Finlandia
87%
Luksemburg
87%
Liechtenstein
77%
Gruzja
73%
Kazachstan
73%
Azerbejdżan
70%
Chiny
70%
Korea Północna
67%
Mongolia
67%
Andora
63%
Monako
57%
Brazylia
40%
Surinam
40%
Nie znaleziono quizów pasujących do podanych kryteriów
Rozkład punktacji
Procent ludzi z każdym wynikiem
Percentyl według liczby udzielonych odpowiedzi
Twoja historia wyników
Nie rozwiązałeś tego quizu